Govt. of
Madhya Pradesh

The Wonder That Is Hinduism (Record no. 68111)

MARC details
000 -LEADER
fixed length control field 00261nam a22001097a 4500
082 ## - DEWEY DECIMAL CLASSIFICATION NUMBER
Classification number 294/CHA
100 ## - MAIN ENTRY--AUTHOR NAME
Personal name Chattopadhyay,Utpal
245 ## - TITLE STATEMENT
Title The Wonder That Is Hinduism
260 ## - PUBLICATION, DISTRIBUTION, ETC. (IMPRINT)
Place of publication Kolkata
Name of publisher Blossom Books
Year of publication 2021
650 ## - SUBJECT ADDED ENTRY--TOPICAL TERM
Topical Term Regigon
942 ## - ADDED ENTRY ELEMENTS (KOHA)
Koha item type Books
Holdings
Withdrawn status Lost status Damaged status Not for loan Home library Current library Date acquired Cost, normal purchase price Full call number Accession Number Price effective from Koha item type
        MACL MACL 13/09/2025 285.00 294/CHA CRE040293 13/09/2025 Books